Normal view MARC view
  • Casas Mateus, Jaime Augusto

Entry Nombre Personal

Number of records used in: 1

001 - NUMERO DE CONTROL

  • campo de control: 59198

003 - IDENTIFICADOR DE NUMERO DE CONTROL

  • campo de control: MX-MxUPN

005 - FECHA Y HORA DE LA ÜLTIMA TRANSACCIÓN

  • campo de control: 20260330120633.0

008 - DATOS DE LONGITUD FIJA

  • campo de control de longitud fija: 210908nn acannaabn a aaa d

010 ## - NÚMERO DE CONTROL DE LA BIBLIOTECA DEL CONGRESO

  • Número de control LC: n 2021049479

040 ## - FUENTE DE CATALOGACIÓN

  • Agencia original de catalogación: DLC
  • Lenguaje de catalogación: eng
  • Agencia de transcripción: DLC
  • Description conventions: rda

100 1# - ENCABEZAMIENTO - NOMBRE PERSONAL

  • Nombre personal: Casas Mateus, Jaime Augusto

373 ## - GRUPO ASOCIADO

  • Associated group: Universidad Pedagógica Nacional (Colombia)

374 ## - OCUPACIÓN

  • Occupation: College teachers ;
  • Occupation: Chemists

375 ## - GÉNERO

  • Gender: male

377 ## - LENGUA ASOCIADA

  • Language code: spa

400 1# - VEÁSE - NOMBRE DE PERSONA

  • Personal name: Mateus, Jaime Augusto Casas

670 ## - FUENTE EN LA QUE SE LOCALIZARON DATOS

  • Cita de la fuente: Estilos cognitivos y de enseñanza, 2018:
  • Información localizada: portada (Jaime Augusto Casas Mateus) solapa frontal (profesor de química Universidad Pedagógica Nacional)

670 ## - FUENTE EN LA QUE SE LOCALIZARON DATOS

  • Cita de la fuente: Redireccionamientos al laboratorio de química: una aventura investigativa y docente hacia la universidad del futuro, 2024 :
  • Información localizada: portada (Jaime Augusto Casas Mateus)
  • Enlace: http://hdl.handle.net/20.500.12209/20817

902 ## - CATALOGADOR

  • Catalogador: JohanaAllegre/300326